World of all human rights : (Record no. 54431)

MARC details
000 -LEADER
fixed length control field 02178nam a22003617a 4500
005 - DATE AND TIME OF LATEST TRANSACTION
control field 20110727105940.0
008 - FIXED-LENGTH DATA ELEMENTS--GENERAL INFORMATION
fixed length control field 110727t xxu||||| |||| 00| 0 eng d
010 ## - LCCN (DPL NO)
LC control number B-441083-087
020 ## - INTERNATIONAL STANDARD BOOK NUMBER
International Standard Book Number 9788175348912
Terms of availability 595.00
020 ## - INTERNATIONAL STANDARD BOOK NUMBER
International Standard Book Number 8175348917
Terms of availability 595.00
035 ## - SYSTEM CONTROL NUMBER
System control number B-441083-087
037 ## - SOURCE OF ACQUISITION
Source of stock number/acquisition RBC/Ven
040 ## - CATALOGING SOURCE
Original cataloging agency DPL
Language of cataloging English
082 04 - DEWEY DECIMAL CLASSIFICATION NUMBER
Classification number 341.48
Edition number 22
245 00 - TITLE STATEMENT
Title World of all human rights :
Remainder of title Soli J. Sorabjee, a festschrift /
Statement of responsibility, etc edited by R.N. Trivedi.
260 ## - PUBLICATION, DISTRIBUTION, ETC. (IMPRINT)
Place of publication, distribution, etc New Delhi :
Name of publisher, distributor, etc Universal Law Publishing,
Date of publication, distribution, etc 2010.
270 ## - ADDRESS
Address C-FF-1A, Dilsukh Industrial Estate, GT Karnal Road
City New delhi
Postal code 110033
300 ## - PHYSICAL DESCRIPTION
Extent xxiv, 283 p. ;
Dimensions 25 cm. (Hb)
500 ## - GENERAL NOTE
General note Includes bibliographical references.
520 ## - SUMMARY, ETC.
Summary, etc Articles honoring Soli J. Sorabjee, b. 1930, formerly Attorney General for India on human rights.
650 #0 - SUBJECT ADDED ENTRY--TOPICAL TERM
Topical term or geographic name as entry element Human rights.
9 (RLIN) 30122
650 #0 - SUBJECT ADDED ENTRY--TOPICAL TERM
Topical term or geographic name as entry element Human rights
Geographic subdivision India.
9 (RLIN) 30123
700 1# - ADDED ENTRY--PERSONAL NAME
Personal name Sorabjee, Soli J.,
Dates associated with a name 1930-
9 (RLIN) 30124
700 1# - ADDED ENTRY--PERSONAL NAME
Personal name Trivedi, R. N.
9 (RLIN) 30125
942 ## - ADDED ENTRY ELEMENTS (KOHA)
Source of classification or shelving scheme Dewey Decimal Classification
Item type English Books
Classification part 341.48
Call number suffix SOR
Holdings
Withdrawn status Lost status Source of classification or shelving scheme Damaged status Not for loan Collection code Home library Current library Date acquired Source of acquisition Cost, normal purchase price Total Checkouts Full call number Barcode Date last seen Copy number Cost, replacement price Koha item type Total Renewals
    Dewey Decimal Classification     Non-fiction Bawana Bawana 29/07/2011 RBC/25039/13.4.11/76/4.3.11/10.6.11 595.00 1 341.48 SOR B-441086 10/05/2022 1 595.00 English Books  
    Dewey Decimal Classification     Non-fiction Central Library Central Library 29/07/2011 RBC/25039/13.4.11/76/4.3.11/10.6.11 595.00 7 341.48 SOR B-441083 19/05/2022 1 595.00 English Books  
    Dewey Decimal Classification     Non-fiction Patel Nagar Patel Nagar 29/07/2011 RBC/25039/13.4.11/76/4.3.11/10.6.11 595.00   341.48 SOR B-441084 29/07/2011 1 595.00 English Books  
    Dewey Decimal Classification     Non-fiction Sarojini Nagar Sarojini Nagar 29/07/2011 RBC/25039/13.4.11/76/4.3.11/10.6.11 595.00 5 341.48 SOR B-441085 27/09/2023 1 595.00 English Books 4
    Dewey Decimal Classification     Non-fiction Shahdara Branch Shahdara Branch 29/07/2011 RBC/25039/13.4.11/76/4.3.11/10.6.11 595.00 3 341.48 SOR B-441087 08/05/2023 1 595.00 English Books 4

© Delhi Public Library
Hit Counter
free hit counter